01822nam a2200325 a 4500001001200000003000800012006001900020007001500039008004100054010001700095020001500112020001800127020002700145040002100172035002100193050002300214245018100237260005000418300001700468504005400485505040300539533015200942610011001094650004701204650003601251655002901287710001701316711003701333856012601370ebr10700468CaPaEBRm o u cr cn|||||||||110708s2011 sz sb 000 0 eng d z 2011409552 z922124332X z9789221243328 z9789221243335 (e-book) aCaPaEBRcCaPaEBR a(OCoLC)74112122614aK1705b.C64 2011eb04aThe Committee on the Application of Standards of the International Labour Conferenceh[electronic resource] :ba dynamic and impact built on decades of dialogue and persuasion. aGeneva :bInternational Labour Office,c2011. aviii, 185 p. aIncludes bibliographical references (p. 147-148).0 apt. I. The Conference Committee on the Application of Standards : composition and functioning -- pt. II. Impact of the work of the Conference Committee on the Applications of Standards on individual cases of non-compliance with ratified conventions -- pt. III. Impact of the work of the Conference Committee on the Application of Standards on cases of serious failure to meet reporting obligations. aElectronic reproduction.bPalo Alto, Calif. :cebrary,d2013.nAvailable via World Wide Web.nAccess may be limited to ebrary affiliated libraries.20aInternational Labour Office.bCommittee of Experts on the Application of Conventions and Recommendations. 0aLabor laws and legislation, International. 0aInternational labor activities. 7aElectronic books.2local2 aebrary, Inc.2 aInternational Labour Conference.40uhttp://site.ebrary.com/lib/rucke/Doc?id=10700468zAn electronic book accessible through the World Wide Web; click to view